Half a job : bad and good part-time jobs in a changing labor market

Αποθηκεύτηκε σε:
Λεπτομέρειες βιβλιογραφικής εγγραφής
Κύριος συγγραφέας: Tilly, Chris
Μορφή: Βιβλίο
Γλώσσα:English
Δημοσίευση: Philadelphia : Temple University Press, c1996
Θέματα:
Ετικέτες: Προσθήκη ετικέτας
Δεν υπάρχουν, Καταχωρήστε ετικέτα πρώτοι!

MARC

LEADER 00000nam a2200000 i 4500
001 1/80930
008 990514s1996 eng d
020 |a 1-56639-382-5 
035 |l 10050765 
040 |a GR-MY-UA  |b gre  |e aacr 
041 0 |a eng 
082 0 |a 331.2572 
100 1 |a Tilly, Chris. 
245 1 0 |a Half a job :  |b bad and good part-time jobs in a changing labor market /  |c Chris Tilly 
260 |a Philadelphia :   |b Temple University Press,   |c c1996 
300 |a 228 p.  |b tables; fig. 
504 |a Includes bibliographical references and index 
650 0 0 |a Part-time employment  |z United States. 
852 |a INST  |b LESVOS  |e 19990514  |h 331.2572 TIL  |p 005100016437  |q 005100016437  |t BK  |y 0 
901 |a BIBL1-1999-2 
909 |a Λ  |b 061619 
922 |a 1ΕΛΗ  |b 199812  |c ΚΠΣ/ΤΚ  |d ΠΑΠΑΣΩΤΗΡΙΟΥ 
950 |a 103-1998-07-27